| 000 | 00785cab a2200205 4500 | ||
|---|---|---|---|
| 001 | X77093 | ||
| 008 | 090401t1997 xxu||||| |||| 00| 0 eng d | ||
| 035 | _a(Sirsi) u77093 | ||
| 041 | _aeng | ||
| 245 | _aAllridge (Builders) Ltd v Grandactual Ltd | ||
| 260 | _c1997 | ||
| 350 | _a0 | ||
| 490 |
_aConstruction Industry Law Letter _v1997 CILL 1225-1227(3) |
||
| 520 | _a19 December 1996. Implied term as to co-operation. Implied term as to no hindrance or prevention. No implied terma as to other contractors. Meaning ot paid weekly. No implied terms as to health and safety requirements. (Headnotes) | ||
| 650 | _aALLRIDGE (BUILDERS) LTD V GRAND ACTUAL LTD | ||
| 650 | _aIMPLIED TERMS | ||
| 690 | _aBUILDING AND CONSTRUCTION-CASE LAW | ||
| 942 | _n0 | ||
| 948 | _c14/03/1997 | ||
| 999 |
_c48455 _d48455 |
||